000 00936nam a2200313Ia 4500
001 Para_6555
003 CHAP
008 220125s1959 xx 000 0 und d
010 _a205432
040 _cCHAP
090 _aPA FOLLETO 557
110 _aShell de México, S.A.
_9105603
245 _aPlagas de nemátodos en los cultivos perennes /
_c Shell
260 _aMéxico :
_b Shell
300 _a2 h.
650 _aCitricos
_x enfermedades por nemátodos
_924426
650 _aFresa
_x enfermedades por nemátodos
_9171456
650 _aNemátodos parásitos de plantas
650 _aPlátano
_x enfermedades por nemátodos
_989232
650 _aRadopholus similis
_993710
650 _aTylenchus semipenetrans
_9115732
901 _aPA FOLLETO 557
902 _aA
905 _a0000001959 0000000000 00
910 _a1959
942 _cPARA
942 _cPARA
_d1
999 _c205432
_d205432